000
00296nam a22001457a 4500
008
210302b ||||| |||| 00| 0 eng d
020
_a
9780133721157
041
_a
eng
080
_a
51
082
_a
51
100
_a
37
101
_a
MAT
245
_a
Mathematics
_c
Hall, P
942
_2
udc
_c
BK
999
_c
55528
_d
55528